000 00509nam a22001937a 4500
003 LK-CoMWRAF
005 20231028061313.0
008 231028b |||||||| |||| 00| 0 eng d
020 _a9789559899907
040 _aLK-CoMWRAF
_dLK-CoMWRAF
_eLK-CoMWRAF
041 _aeng
082 _a082
_bRAN
100 _aRanasinghe, Anne
245 _aA Long hot day
260 _aColombo :
_bEnglish writers cooperative of Sri Lanka,
_c2005
300 _a184p. ; 20cm
650 _aCollections - English
942 _cBK
999 _c4029
_d4029